1783 1507 1135 1564 1855 1290 1262 1250 1958 1879 1006 1426 1231 1532 1660 1431 1912 1789 1032 1047 1283 1670 1999 1749 1642 1346 1086 1845 1753 1292 1200 1855 1661 1158 1997 1582 1544 1826 1171 1499 1201 1461 1617 1605 1683 1783 1621 1996 1281 1976 1360 1557 1809 1447 1958 1794 1791 1446 1561 1779 1949 1128 1198 1851 1278 1757 1384 1543 1697 1173 1936 1813 1222 1134 1311 1028 1474 1830 1281 1152 1507 1198 1223 1084 1732 1574 1226 1393 1646 1233 1440 1216 1418 1586 1726 1260 1648 1125 1200 BCNSPRNW ULIB Ver.6.0+V

เปลี่ยนเป็นภาษาไทย

Change to English
 แสดงรายละเอียดบรรณานุกรม
  กลับหน้าหลัก

Brief Record : Get Marc (ISO 2709) : E-mail record : QR code < ปิดหน้าต่าง
LEADER : 00000nam 2200000uu 4500
001    13399110159
003     ULIB
008    110424s2009||||th 000 0 eng d
020    9786111100136
050  4 PE1113^bซ111E
100 1  Schwarz, Peter C.
245 10 English for nursing and health care students /^cPeter C.Schwarz and Amporn Thiengtrongdee
250    1st ed.
260    Nonthaburi :^bBook Project Praboromarajchanok InstituteMinistry of Public Health,^c2009
300    106 p. :^bill. ;^c21 cm.
650  0 English language^xconversation and phrase books (formedical personnel)
650  0 Communication in nursing
650  0 Communication in medicine
700 1  ซวอตซ์, ปีเตอร์ ซี.
700 0  Amporn Thiengtrongdee
710 2  Praboromarajchanok Institute. ^bBook Project
945    ^p250^l0^i16043
945    ^p250^l0^i18130
945    ^p250^l0^i15788
945    ^p250^l0^i15789
945    ^p250^l0^i16044
945    ^p250^l0^i16653
945    ^p250^l0^i16964
945    ^p250^l0^i16965
995    เกษร
999 ^a ใช้งานได้ทุกระบบ
รายการนี้ยังไม่มีแท็ก
คุณยังไม่ได้ล็อกอิน คุณสามารถมีกิจกรรมร่วมกับเว็บไซต์ได้ แต่ต้องล็อกอินก่อน ::
  ล็อกอิน

รายการสื่อสารสนเทศ

ลำดับที่ ประเภท เลขเรียก/บาร์โค้ด สถานที่ สถานะ
1. วิทยาศาสตร์การแพทย์ และสุขภาพ
วิทยาศาสตร์การแพทย์ และสุขภาพ
PE1113 ซ111E  
  Barcode: 16043
ห้องสมุดวิทยาเขตสวรรค์ประชารักษ์
►หนังสือทั่วไป
บนชั้น
2. วิทยาศาสตร์การแพทย์ และสุขภาพ
วิทยาศาสตร์การแพทย์ และสุขภาพ
PE1113 ซ111E ฉ.2 
  Barcode: 18130
ห้องสมุดวิทยาเขตสวรรค์ประชารักษ์
►หนังสือทั่วไป
บนชั้น
3. วิทยาศาสตร์การแพทย์ และสุขภาพ
วิทยาศาสตร์การแพทย์ และสุขภาพ
PE1113 ซ111E ฉ.3 
  Barcode: 15788
ห้องสมุดวิทยาเขตสวรรค์ประชารักษ์
►หนังสือทั่วไป
บนชั้น
4. วิทยาศาสตร์การแพทย์ และสุขภาพ
วิทยาศาสตร์การแพทย์ และสุขภาพ
PE1113 ซ111E ฉ.4 
  Barcode: 15789
ห้องสมุดวิทยาเขตสวรรค์ประชารักษ์
►หนังสือทั่วไป
บนชั้น
5. วิทยาศาสตร์การแพทย์ และสุขภาพ
วิทยาศาสตร์การแพทย์ และสุขภาพ
PE1113 ซ111E ฉ.5 
  Barcode: 16044
ห้องสมุดวิทยาเขตสวรรค์ประชารักษ์
►หนังสือทั่วไป
บนชั้น
6. วิทยาศาสตร์การแพทย์ และสุขภาพ
วิทยาศาสตร์การแพทย์ และสุขภาพ
PE1113 ซ111E ฉ.6 
  Barcode: 16653
ห้องสมุดวิทยาเขตสวรรค์ประชารักษ์
►หนังสือทั่วไป
บนชั้น
7. วิทยาศาสตร์การแพทย์ และสุขภาพ
วิทยาศาสตร์การแพทย์ และสุขภาพ
PE1113 ซ111E ฉ.7 
  Barcode: 16964
ห้องสมุดวิทยาเขตสวรรค์ประชารักษ์
►หนังสือทั่วไป
บนชั้น
8. วิทยาศาสตร์การแพทย์ และสุขภาพ
วิทยาศาสตร์การแพทย์ และสุขภาพ
PE1113 ซ111E ฉ.8 
  Barcode: 16965
ห้องสมุดวิทยาเขตสวรรค์ประชารักษ์
►หนังสือทั่วไป
บนชั้น

รายการใกล้เคียง
    ผู้แต่ง [Schwarz, Peter C.]

    หัวเรื่อง [Communication in nursing]
    หัวเรื่อง [Communication in medicine]

BibComment


ยังไม่เคยถูกคอมเมนท์

คอมเมนท์ทรัพยากรรายการนี้
  คอมเมนท์: English for nursi..


 Copyright 2026. Bcnsprnw @Library